Minecraft Items: Walls - Statistics

General Stats
  • This quiz has been taken 39 times
  • The average score is 12 of 26
Answer Stats
Answer % Correct
Cobblestone Wall
93%
Stone Brick Wall
80%
Andesite Wall
73%
Diorite Wall
73%
Granite Wall
73%
Blackstone Wall
60%
Cobbled Deepslate Wall
60%
Brick Wall
53%
Mossy Cobblestone Wall
53%
Nether Brick Wall
53%
Sandstone Wall
53%
Deepslate Brick Wall
47%
Mossy Stone Brick Wall
47%
Tuff Wall
47%
Polished Blackstone Wall
33%
Prismarine Wall
33%
Red Nether Brick Wall
33%
Red Sandstone Wall
33%
Deepslate Tile Wall
27%
Mud Brick Wall
27%
Polished Deepslate Wall
27%
End Stone Brick Wall
20%
Polished Blackstone Brick Wall
20%
Polished Tuff Wall
20%
Tuff Brick Wall
13%
Resin Brick Wall
7%
No matching quizzes found
Score Distribution
Percent of People with Each Score
Percentile by Number Answered
Your Score History
You have not taken this quiz